<?xml version="1.0" encoding="UTF-8"?>
<collection xmlns="http://www.loc.gov/MARC21/slim">
 <record>
  <leader>01708nam a2200349 a 4500</leader>
  <controlfield tag="001">1569</controlfield>
  <controlfield tag="003">BD-DhAAL</controlfield>
  <controlfield tag="005">20150614122500.0</controlfield>
  <controlfield tag="008">150614s1994    ii       b    100 0 eng  </controlfield>
  <datafield tag="010" ind1=" " ind2=" ">
   <subfield code="a">   98907229 </subfield>
  </datafield>
  <datafield tag="020" ind1=" " ind2=" ">
   <subfield code="a">0333925416</subfield>
  </datafield>
  <datafield tag="040" ind1=" " ind2=" ">
   <subfield code="a">DLC</subfield>
   <subfield code="c">DLC</subfield>
   <subfield code="d">DLC</subfield>
   <subfield code="d">BD-DhAAL</subfield>
  </datafield>
  <datafield tag="050" ind1="0" ind2="0">
   <subfield code="a">HC435.2</subfield>
   <subfield code="b">.C616 1992</subfield>
  </datafield>
  <datafield tag="082" ind1="0" ind2="0">
   <subfield code="a">338.954/009/045</subfield>
   <subfield code="2">21</subfield>
  </datafield>
  <datafield tag="111" ind1="2" ind2=" ">
   <subfield code="a">Conference on &quot;South Asia as a Dynamic Partner: Prospects for the Future&quot;</subfield>
   <subfield code="d">(1992 :</subfield>
   <subfield code="c">New Delhi, India)</subfield>
   <subfield code="9">12036</subfield>
  </datafield>
  <datafield tag="245" ind1="1" ind2="0">
   <subfield code="a">South Asia as a dynamic partner :</subfield>
   <subfield code="b">papers presented at the Conference on &quot;South Asia as a Dynamic Partner: Prospects for the Future&quot;, held at New Delhi, May 25-27, 1992 /</subfield>
   <subfield code="c">editors, S.P. Gupta, William E. James, Robert K. McCleery.</subfield>
  </datafield>
  <datafield tag="260" ind1=" " ind2=" ">
   <subfield code="a">New Delhi :</subfield>
   <subfield code="b">Macmillan India Ltd.,</subfield>
   <subfield code="c">1994.</subfield>
  </datafield>
  <datafield tag="300" ind1=" " ind2=" ">
   <subfield code="a">viii, 440 p. ;</subfield>
   <subfield code="c">24 cm.</subfield>
  </datafield>
  <datafield tag="500" ind1=" " ind2=" ">
   <subfield code="a">&quot;An International Center for Economic Growth publication; Indian Council for Research on International Economic Relations.&quot;</subfield>
  </datafield>
  <datafield tag="504" ind1=" " ind2=" ">
   <subfield code="a">Includes bibliographical references.</subfield>
  </datafield>
  <datafield tag="541" ind1=" " ind2=" ">
   <subfield code="e">1569</subfield>
  </datafield>
  <datafield tag="650" ind1=" " ind2="0">
   <subfield code="a">Structural adjustment (Economic policy)</subfield>
   <subfield code="z">South Asia.</subfield>
   <subfield code="9">12037</subfield>
  </datafield>
  <datafield tag="650" ind1=" " ind2="0">
   <subfield code="a">Finance, Public</subfield>
   <subfield code="z">South Asia.</subfield>
   <subfield code="9">12038</subfield>
  </datafield>
  <datafield tag="651" ind1=" " ind2="0">
   <subfield code="a">India</subfield>
   <subfield code="x">Economic policy</subfield>
   <subfield code="y">1947-</subfield>
   <subfield code="9">7648</subfield>
  </datafield>
  <datafield tag="700" ind1="1" ind2=" ">
   <subfield code="a">Gupta, S. P.</subfield>
   <subfield code="q">(Shyama Prasad),</subfield>
   <subfield code="d">1930-</subfield>
   <subfield code="9">12039</subfield>
  </datafield>
  <datafield tag="700" ind1="1" ind2=" ">
   <subfield code="a">James, William E.</subfield>
   <subfield code="9">12040</subfield>
  </datafield>
  <datafield tag="700" ind1="1" ind2=" ">
   <subfield code="a">McCleery, Robert.</subfield>
   <subfield code="9">12041</subfield>
  </datafield>
  <datafield tag="710" ind1="2" ind2=" ">
   <subfield code="a">International Center for Economic Growth.</subfield>
   <subfield code="9">7854</subfield>
  </datafield>
  <datafield tag="710" ind1="2" ind2=" ">
   <subfield code="a">Indian Council for Research on International Economic Relations.</subfield>
   <subfield code="9">12042</subfield>
  </datafield>
  <datafield tag="942" ind1=" " ind2=" ">
   <subfield code="2">ddc</subfield>
   <subfield code="c">BK</subfield>
  </datafield>
  <datafield tag="999" ind1=" " ind2=" ">
   <subfield code="c">34717</subfield>
   <subfield code="d">34717</subfield>
  </datafield>
  <datafield tag="952" ind1=" " ind2=" ">
   <subfield code="0">0</subfield>
   <subfield code="1">0</subfield>
   <subfield code="2">ddc</subfield>
   <subfield code="4">0</subfield>
   <subfield code="6">338_954009045000000_SOU</subfield>
   <subfield code="7">0</subfield>
   <subfield code="9">54291</subfield>
   <subfield code="a">SCL</subfield>
   <subfield code="b">SCL</subfield>
   <subfield code="c">GEN</subfield>
   <subfield code="d">2015-06-14</subfield>
   <subfield code="e">Gift: The Asia Foundation</subfield>
   <subfield code="l">0</subfield>
   <subfield code="o">338.954009045 SOU</subfield>
   <subfield code="p">3020001569</subfield>
   <subfield code="r">2015-06-14</subfield>
   <subfield code="t">1</subfield>
   <subfield code="w">2015-06-14</subfield>
   <subfield code="y">BK</subfield>
  </datafield>
 </record>
</collection>
